00973nam a2200217 i 450000100060000000300090000600500170001500700030003200800410003508000350007610000310011124501040014226000890024630000340033550500740036953000350044360000620047870000380054085200660057885601110064464808ES-MaACL20250721130429.0t|040105s1931 sp ||||1| spa d a012 Foulché-Delbosc, Raymond1 aFoulché-Delbosc, Isabel.10aBibliografía de R. Foulché-Delbosc (1864-1929) / cpor Isabel Foulché-Delbosc y Julio Puyol. aMadrid : b[s.n.], c1931 (fTip. de la "Revista de Archivos, Bibliotecas y Museos") a171 p. : b1 retr. ; c25 cm.8 aPreliminar: La obra hispanista de R. Foulché-Delbosc / Julio Puyol aDisponible en formato digital.14aFoulché-Delbosc, Raymond-y1864-1929-vBibliografías.1 aPuyol y Alonso, Julio,d1865-1937 aES-MaACLjA-1023cSPREFzRevisado enlace: 21 de julio de 20254 uhttps://bibliotecadigital.jcyl.es/es/consulta/registro.do?id=5680yBiblioteca Digital de Castilla y León